000 00863cpmaa2200253 4500
001 mm 79004952
003 DLC
005 20260227111648.0
008 790117|||||||||||| eng
010 _amm 79004952
040 _aDLC
_cDLC
_edacs
_dDLC
072 7 _aC
_2lcmd
100 1 _aBlanchard, Claude,
_d1742-1802.
245 0 0 _aClaude Blanchard journal extract,
_fcirca 1780-1781.
300 _a1
_fitem.
506 0 _aOpen to research.
533 _aHandwritten transcript.
_b[S.l.].
545 0 _aFrench army officer.
546 _aCollection material in English.
580 _aForms part of: Miscellaneous Manuscripts collection.
656 7 _aArmy officers, French.
_2itoamc
999 _c41704
_d41704